000 00403nam a22001217a 4500
003 OSt
008 150407b xxu||||| |||| 00| 0 eng d
041 _aeng
245 1 0 _aA list of establishments, discontinuances, and changes in name of the post offices in the Confederate States since 1861
260 _aWest Palm Beach? FL
_bConfederate Stamp Alliance
300 _a0 pages
700 1 _aHenry M. Spelman III
999 _c1191
_d1191